000 00637nam a22001817a 4500
003 BD-DhJNU
005 20250109070307.0
008 250109b |||||||| |||| 00| 0 eng d
020 _a9789849500216
040 _aBD-DhJNU
_bENG
_cBD-DhJNU
_dBD-DhJNU
082 _223
_a349.5492 HAL
245 _aThe legal system of Bangladesh :
_ba study of problems and procedure in legal institutions in Bangladesh /
_cMD. Abdul Halim
260 _aDhaka :
_b Beacon Publications,
_c2022.
300 _a486 p. :
_bill ;
_c22 cm.
504 _aIncludes bibliographies and index
650 _aJustice, Administration of Bangladesh
942 _2ddc
_cBK
_n0
999 _c1078
_d1078